| 000 | 01480nam a2200277 i 4500 | ||
|---|---|---|---|
| 001 | bg | ||
| 245 | 0 | 0 |
_aAutomatyzacja produkcji AP 2003 : _bnauka - wiedza - innowacje.T. / _cCentrum Zaawansowanych Systemów Produkcyjnych _n1,Referaty plenarne i sesyjne, Wrocław 11-12 grudnia 2003. |
| 246 | 1 | 1 | _aProduction automation |
| 246 | 1 | 1 | _aIV Wrocławskie Sympozjum |
| 260 |
_aWrocław : _bOficyna Wydawnicza PW, _c2000. |
||
| 300 |
_a394 s. : _bil. ; _c24 cm. |
||
| 490 | 1 |
_aPrace Naukowe Instytutu Technologii Maszyn i Automatyzacji Politechniki Wrocławskiej. Konferencje = _aScientific Papers of the Institute of Mechanical Engineering and Automation of the Wrocław University of Technology. Conferences, _x0867-7778 ; _v41 |
|
| 500 | _aNa okł. podtyt.: IV Wrocławskie Sympozjum. Tyt. równol.: "Production automation : science - knowledge - innovation". - Nr serii gł.: 84. - Tekst częśc. ang., niem. - Streszcz. ang., pol. przy ref. | ||
| 504 | _aBibliogr. przy ref. | ||
| 650 | 9 |
_aProdukcja _xautomatyzacja |
|
| 650 | 9 |
_aProdukcja _xkomuteryzacja |
|
| 650 | 9 |
_aPrzedsiębiorstwo _xkomputeryzacja |
|
| 655 | _aMateriały konferencyjne | ||
| 710 | 0 | _aCentrum Zaawansowanych Systemów Produkcyjnych | |
| 830 | 0 |
_aPrace Naukowe Instytutu Technologii Maszyn i Automatyzacji Politechniki Wrocławskiej. _pKonferencje ; _v41 |
|
| 040 | _cBPK | ||
| 041 | 0 |
_apolger _bengpol |
|
| 080 | _a658.5:681.5:004](061) | ||
| 942 | _cKS | ||
| 008 | s pl f |000 0 pol | ||
| 999 |
_c44213 _d44213 |
||
| 856 |
_uhttp://koha.tu.koszalin.pl/cgi-bin/koha/opac-detail.pl?biblionumber=44213 _yKatalog online BPK |
||